Statistics for Most viewed Kpop Music Videos 2018

Click here to take the quiz!

General Stats

  • This quiz has been taken 183 times
  • The average score is 14 of 35

Answer Stats

ArtistSong% Correct
JENNIESOLO
80%
BTSFake Love
72%
BTSIDOL
71%
iKONLove Scenario
71%
BLACKPINKDDU-DU-DDU-DU
68%
TWICEWhat is Love?
60%
Red VelvetBad Boy
59%
(G)I-DLELatata
59%
MOMOLANDBAAM
57%
PENTAGONShine
57%
MOMOLANDBboom Bboom
55%
TWICEDance The Night Away
47%
NCT UBOSS
46%
iKONKILLING ME
44%
TWICEYES or YES
44%
J-HOPE Daydream
43%
(G)I-DLEHANN
40%
Red VelvetPower Up
35%
MAMAMOOStarry Night
35%
GOT7LULLABY
34%
EXOTempo
34%
SNSD -Oh!GGLil'Touch
32%
WANNA ONEBoomerang
30%
JINEpiphany
29%
V Singularity
28%
IUBBIBBI
26%
NCT UBaby Don't Stop
24%
SUNMIHEROINE
24%
STRAY KIDSMY PACE
24%
ApinkI'm so sick
23%
WINNEREVERYDAY
15%
GOT7LOOK
15%
Super JuniorLo Siento
14%
GFRIENDTime For The Moon Night
10%
BOL4Travel
8%

Score Distribution

Percentile by Number Answered

Percent of People with Each Score

Your Score History

You have not taken this quiz